000
00255nam a22001097a 4500
082
_a
620.11 KEM'I
100
_a
KEMPSTER, M. H. A
_9
40517
245
_a
INTRODUCTION TO ENGINEERING MATERIALS
260
_a
LONDON
_b
EUP
_c
1965
300
_a
116P
942
_c
BK
999
_c
567542
_d
567542